[Event "EU-ch (Women) 24th"]
[Site "Rhodes"]
[Date "2024.04.21"]
[Round "3"]
[White "Belluire, Beatrice"]
[Black "Kalandadze, Nino"]
[Result "1/2-1/2"]
[WhiteElo "2070"]
[BlackElo "1755"]
[PlyCount "119"]
[EventDate "2024.04.19"]
[EventType "swiss"]
[EventRounds "10"]
[EventCountry "GRE"]
[SourceTitle "CB18_2024"]
[SourceDate "2024.05.01"]
[SourceVersion "1"]
[SourceVersionDate "2024.05.01"]
[SourceQuality "2"]

1. e4 e6 2. d4 d5 3. Nc3 Nf6 4. Bg5 Be7 5. e5 Nfd7 6. Bxe7 Qxe7 7. f4 a6 8. Nf3 c5 9. Qd2 Nc6 10. Bd3 b5 11. dxc5 Nxc5 12. a3 g6 13. 0-0 Nxd3 14. cxd3 Qc5+ 15. Kh1 Bd7 16. Rac1 Qb6 17. b4 a5 18. Rb1 axb4 19. axb4 Ne7 20. Qf2 Qxf2 21. Rxf2 Nf5 22. Ra2 Ke7 23. Kg1 Rxa2 24. Nxa2 Ra8 25. Nc1 h5 26. Kf2 Rc8 27. Ne1 Nd4 28. Ke3 Nf5+ 29. Kd2 Bc6 30. Nb3 Ra8 31. Na5 Bd7 32. Nf3 Rc8 33. g3 f6 34. Nb3 Ra8 35. Rb2 Rc8 36. Nbd4 fxe5 37. Nxf5+ exf5 38. Nxe5 Be8 39. Rc2 Rxc2+ 40. Kxc2 Kd6 41. Kc3 g5 42. Nf3 g4 43. Ne5 Ke6 44. Kd4 Kd6 45. h4 gxh3 46. Nf3 Bc6 47. Nh2 Bb7 48. Nf1 Bc6 49. Ke3 d4+ 50. Kf2 Bg2 51. Nd2 Bc6 52. Nf1 Bg2 53. Nd2 Bc6 54. Nf3 Bxf3 55. Kxf3 Ke6 56. Kf2 h2 57. Kg2 h1Q+ 58. Kxh1 Kf6 59. Kg2 Kg6 60. Kh3 1/2-1/2

[Event "EU-ch U18 Girls"]
[Site "Bratislava"]
[Date "2019.08.10"]
[Round "9"]
[White "Ferkova, Dominika"]
[Black "Belluire, Beatrice"]
[Result "1-0"]
[WhiteElo "2085"]
[BlackElo "1929"]
[PlyCount "53"]
[EventDate "2019.08.02"]
[EventType "swiss"]
[EventRounds "9"]
[EventCountry "SVK"]
[SourceTitle "CBM 191 Extra"]
[Source "ChessBase"]
[SourceDate "2019.09.30"]
[SourceVersion "1"]
[SourceVersionDate "2019.09.30"]
[SourceQuality "1"]

1. d4 Nf6 2. c4 c5 3. d5 b5 4. cxb5 a6 5. bxa6 g6 6. Nc3 Bg7 7. a7 Rxa7 8. e4 0-0 9. Nf3 d6 10. Be2 Ba6 11. 0-0 Qb6 12. a4 Nbd7 13. Ra3 Rb8 14. Bxa6 Rxa6 15. Qc2 c4 16. Nb5 Nc5 17. Be3 Nfxe4 18. Rb1 Rxa4 19. Rxa4 Qxb5 20. Rxc4 f5 21. b4 Qb7 22. Rc1 Nd7 23. Rc8+ Kf7 24. Rxb8 Nxb8 25. Qc8 Qxc8 26. Rxc8 Na6 27. b5 1-0

[Event "EU-ch U18 Girls"]
[Site "Bratislava"]
[Date "2019.08.03"]
[Round "2"]
[White "Belluire, Beatrice"]
[Black "Louka, Magdalini"]
[Result "1-0"]
[WhiteElo "1929"]
[BlackElo "1740"]
[PlyCount "115"]
[EventDate "2019.08.02"]
[EventType "swiss"]
[EventRounds "9"]
[EventCountry "SVK"]
[SourceTitle "CBM 191 Extra"]
[Source "ChessBase"]
[SourceDate "2019.09.30"]
[SourceVersion "1"]
[SourceVersionDate "2019.09.30"]
[SourceQuality "1"]

1. e4 c5 2. Nf3 g6 3. d4 cxd4 4. Nxd4 Bg7 5. c4 Nc6 6. Be3 Nf6 7. Nc3 0-0 8. f3 d6 9. Qd2 Bd7 10. Rc1 Nxd4 11. Bxd4 a5 12. b3 Bc6 13. Be2 Nd7 14. Be3 Nc5 15. 0-0 e6 16. Rfd1 Be5 17. Bf1 Qe7 18. Bg5 f6 19. Be3 Rad8 20. Nb5 f5 21. exf5 gxf5 22. Bh6 Rf7 23. Qg5+ Qxg5 24. Bxg5 Rdd7 25. f4 Bf6 26. Bxf6 Rxf6 27. Nxd6 Rg6 28. Nb5 Rdg7 29. g3 h5 30. Nd4 h4 31. Nxc6 bxc6 32. Bg2 hxg3 33. h3 Ne4 34. Bxe4 fxe4 35. Rd4 e3 36. Re1 Rh6 37. Kg2 c5 38. Rd6 Kh7 39. Rxe3 Rf6 40. Rxg3 Rxf4 41. Rxg7+ Kxg7 42. Ra6 Re4 43. Rxa5 Re2+ 44. Kf3 Rb2 45. Rxc5 Rxa2 46. b4 Ra3+ 47. Kg4 Kf6 48. b5 Rb3 49. h4 Rb4 50. h5 Rb2 51. Rc7 Rg2+ 52. Kh3 Rg5 53. Kh4 Rg1 54. b6 Rh1+ 55. Kg4 Rg1+ 56. Kf3 Rb1 57. b7 Kg5 58. Rc5+ 1-0

[Event "FRA-chT Top 12 (Women) GpB"]
[Site "Vandoeuvre"]
[Date "2019.05.03"]
[Round "2.3"]
[White "Belluire, Beatrice"]
[Black "Frisk, Ellinor"]
[Result "1/2-1/2"]
[WhiteElo "1913"]
[BlackElo "2262"]
[PlyCount "68"]
[EventDate "2019.05.02"]
[EventType "team-tourn"]
[EventRounds "5"]
[EventCountry "FRA"]
[SourceTitle "CBM 190 Extra"]
[Source "ChessBase"]
[SourceDate "2019.07.15"]
[SourceVersion "1"]
[SourceVersionDate "2019.07.15"]
[SourceQuality "1"]
[WhiteTeam "Nimois (W)"]
[BlackTeam "Mulhouse Philidor (W)"]
[WhiteTeamCountry "FRA"]
[BlackTeamCountry "FRA"]

1. e4 c5 2. Nf3 g6 3. d4 cxd4 4. Qxd4 Nf6 5. e5 Nc6 6. Qa4 Nd5 7. Qe4 Nc7 8. Bc4 Bg7 9. Nc3 b5 10. Bb3 0-0 11. Bf4 Bb7 12. h4 Na5 13. Qd3 Nxb3 14. axb3 Ne6 15. Bg3 b4 16. Ne4 d6 17. exd6 Bxb2 18. Rd1 Bxe4 19. Qxe4 Bc3+ 20. Kf1 exd6 21. Rxd6 Qe7 22. Kg1 Rad8 23. Rxd8 Rxd8 24. h5 Rd1+ 25. Kh2 Rxh1+ 26. Kxh1 Qc5 27. hxg6 hxg6 28. Ne5 Qd4 29. Qf3 Ng5 30. Qf6 Qd1+ 31. Kh2 Qh5+ 32. Kg1 Qd1+ 33. Kh2 Qh5+ 34. Kg1 Qd1+ 1/2-1/2

[Event "FRA-chT Top 12 (Women) GpB"]
[Site "Vandoeuvre"]
[Date "2019.05.02"]
[Round "1.2"]
[White "Thomas, Anysia"]
[Black "Belluire, Beatrice"]
[Result "1-0"]
[WhiteElo "2178"]
[BlackElo "1913"]
[PlyCount "89"]
[EventDate "2019.05.02"]
[EventType "team-tourn"]
[EventRounds "5"]
[EventCountry "FRA"]
[SourceTitle "CBM 190 Extra"]
[Source "ChessBase"]
[SourceDate "2019.07.15"]
[SourceVersion "1"]
[SourceVersionDate "2019.07.15"]
[SourceQuality "1"]
[WhiteTeam "Vandoeuvre (W)"]
[BlackTeam "Nimois (W)"]
[WhiteTeamCountry "FRA"]
[BlackTeamCountry "FRA"]

1. d4 Nf6 2. c4 c5 3. d5 b5 4. cxb5 a6 5. bxa6 g6 6. Nc3 Bg7 7. e4 0-0 8. e5 Ne8 9. h4 Bxe5 10. Bh6 Bg7 11. Qd2 Bxa6 12. h5 Qb6 13. hxg6 Qxg6 14. Nf3 Bxf1 15. Kxf1 Ra6 16. Bxg7 Qxg7 17. Rh3 f5 18. Qf4 Nf6 19. Nh4 Nh5 20. Qf3 Qg5 21. Re1 Rb6 22. Qe3 f4 23. Qd2 Qg4 24. Qe2 f3 25. Nxf3 Rg6 26. Rh2 Nf4 27. Qxe7 Rg7 28. Qh4 Qxh4 29. Nxh4 Nd3 30. Re2 Nf4 31. Re3 Rg5 32. Nf3 Rgf5 33. g3 Nxd5 34. Nxd5 Rxd5 35. Ke2 Nc6 36. Rh4 Rdf5 37. Rg4+ Kh8 38. a3 d5 39. Rf4 Rxf4 40. gxf4 Rxf4 41. Re8+ Kg7 42. Rc8 Rf6 43. Rc7+ Kg6 44. Rxc6 Rxc6 45. Ne5+ 1-0

[Event "FRA-ch U18 Girls"]
[Site "Hyeres"]
[Date "2019.04.21"]
[Round "9"]
[White "Rollot, Florence"]
[Black "Belluire, Beatrice"]
[Result "1/2-1/2"]
[WhiteElo "1975"]
[BlackElo "1870"]
[PlyCount "69"]
[EventDate "2019.04.14"]
[EventType "swiss"]
[EventRounds "9"]
[EventCountry "FRA"]
[SourceTitle "CBM 190 Extra"]
[Source "ChessBase"]
[SourceDate "2019.07.15"]
[SourceVersion "1"]
[SourceVersionDate "2019.07.15"]
[SourceQuality "1"]

1. Nf3 c5 2. c4 Nc6 3. g3 g6 4. Nc3 Bg7 5. Bg2 e5 6. 0-0 Nge7 7. Ne1 d6 8. Nc2 Be6 9. Ne3 Qd7 10. Ned5 0-0 11. Rb1 Rad8 12. a3 Bh3 13. b4 Nxd5 14. cxd5 Bxg2 15. Kxg2 Ne7 16. bxc5 dxc5 17. e4 Nc8 18. d3 Nd6 19. Qa4 b5 20. Qa5 Rb8 21. Be3 Rfc8 22. Rfc1 a6 23. f3 Bf6 24. Na2 c4 25. Qd2 cxd3 26. Nb4 Nc4 27. Qxd3 Qd6 28. Bh6 a5 29. Nc2 Be7 30. f4 f6 31. Ra1 Nb2 32. Qb3 Nc4 33. Qd3 Nb2 34. Qb3 Nc4 35. Qd3 1/2-1/2

[Event "FRA-ch U18 Girls"]
[Site "Hyeres"]
[Date "2019.04.18"]
[Round "6"]
[White "Belluire, Beatrice"]
[Black "Georget, Laureline"]
[Result "1/2-1/2"]
[WhiteElo "1870"]
[BlackElo "1642"]
[PlyCount "81"]
[EventDate "2019.04.14"]
[EventType "swiss"]
[EventRounds "9"]
[EventCountry "FRA"]
[SourceTitle "CBM 190 Extra"]
[Source "ChessBase"]
[SourceDate "2019.07.15"]
[SourceVersion "1"]
[SourceVersionDate "2019.07.15"]
[SourceQuality "1"]

1. e4 c5 2. Nf3 Nc6 3. Bb5 d6 4. 0-0 Bd7 5. Re1 Nf6 6. c3 g6 7. d4 cxd4 8. cxd4 a6 9. Bf1 e5 10. d5 Ne7 11. a4 Bg7 12. a5 b5 13. axb6 Qxb6 14. Be3 Qb7 15. Nbd2 0-0 16. h3 Rfc8 17. Nc4 Nxe4 18. Nb6 Nf6 19. Nxc8 Bxc8 20. Bg5 Qxd5 21. Bxf6 Bxf6 22. Qxd5 Nxd5 23. Red1 Bb7 24. Bc4 Nb6 25. Rxd6 Nxc4 26. Rxf6 Kg7 27. Nxe5 Nxe5 28. Rb6 Bc8 29. b4 Nd7 30. Rc6 Ne5 31. Rb6 Nc4 32. Rc6 Ne5 33. Rc7 Rb8 34. Re1 Kf6 35. f4 Nd7 36. Rec1 Nb6 37. R1c6+ Kg7 38. g4 h5 39. gxh5 gxh5 40. Kg2 Bf5 41. Rc5 1/2-1/2

[Event "FRA-ch U18 Girls"]
[Site "Hyeres"]
[Date "2019.04.15"]
[Round "2"]
[White "Belluire, Beatrice"]
[Black "Tourneur, Cloe"]
[Result "1-0"]
[WhiteElo "1870"]
[BlackElo "1654"]
[PlyCount "69"]
[EventDate "2019.04.14"]
[EventType "swiss"]
[EventRounds "9"]
[EventCountry "FRA"]
[SourceTitle "CBM 190 Extra"]
[Source "ChessBase"]
[SourceDate "2019.07.15"]
[SourceVersion "1"]
[SourceVersionDate "2019.07.15"]
[SourceQuality "1"]

1. e4 d5 2. exd5 Nf6 3. Bb5+ Bd7 4. Be2 Nxd5 5. d4 Nc6 6. c4 Nf6 7. d5 Ne5 8. Qb3 Bc8 9. Nf3 Ned7 10. 0-0 g6 11. Be3 Bg7 12. Nc3 0-0 13. h3 b6 14. Nd4 Bb7 15. Rad1 Qc8 16. Bf4 a6 17. Rfe1 Re8 18. Bf3 Nc5 19. Qc2 e6 20. b4 Ncd7 21. dxe6 fxe6 22. Bxb7 Qxb7 23. Nxe6 Qc6 24. Nxg7 Kxg7 25. Qd3 a5 26. b5 Qb7 27. Qd4 Kf7 28. Nd5 Nxd5 29. cxd5 Nf6 30. Be5 Nd7 31. d6 cxd6 32. Bxd6 Rad8 33. Qc4+ Kg7 34. Be7 Rc8 35. Qd4+ 1-0

[Event "EU-ch U18 Girls 28th"]
[Site "Riga"]
[Date "2018.08.20"]
[Round "1"]
[White "Belluire, Beatrice"]
[Black "Obolentseva, Alexandra"]
[Result "0-1"]
[WhiteElo "1988"]
[BlackElo "2301"]
[PlyCount "76"]
[EventDate "2018.08.20"]
[EventType "swiss"]
[EventRounds "9"]
[EventCountry "LAT"]
[SourceTitle "CBM 186 Extra"]
[Source "ChessBase"]
[SourceDate "2018.08.24"]
[SourceVersion "1"]
[SourceVersionDate "2018.08.24"]
[SourceQuality "1"]

1. e4 c5 2. Nf3 d6 3. d4 cxd4 4. Nxd4 Nf6 5. Nc3 a6 6. Bg5 e6 7. f4 Nbd7 8. Qd2 Qc7 9. 0-0-0 Be7 10. g4 0-0 11. Bxf6 Nxf6 12. g5 Nd7 13. f5 Ne5 14. h4 b5 15. Qf2 b4 16. Nce2 f6 17. g6 hxg6 18. fxg6 Ng4 19. Qg3 e5 20. Nf5 Bxf5 21. exf5 Rac8 22. Rd2 Nh6 23. Qd3 d5 24. Qxd5+ Kh8 25. Qe4 Qa5 26. Kb1 b3 27. c3 Qxa2+ 28. Kc1 Rc4 29. Qb1 Rfc8 30. Bg2 Bc5 31. Rd3 e4 32. Rdh3 Qa5 33. Bxe4 Ra4 34. Kd2 Ng4 35. Rf1 Re8 36. Ng3 Nf2 37. Rxf2 Bxf2 38. Bc6 Rd4+ 0-1

[Event "FRA-ch U16 Girls"]
[Site "Belfort"]
[Date "2017.04.21"]
[Round "7.3"]
[White "Imperor, Amelie"]
[Black "Belluire, Beatrice"]
[Result "1-0"]
[WhiteElo "1820"]
[BlackElo "1786"]
[PlyCount "137"]
[EventDate "2017.04.16"]
[EventType "swiss"]
[EventRounds "9"]
[EventCountry "FRA"]
[SourceTitle "EXT 2019"]
[Source "ChessBase"]
[SourceDate "2018.10.10"]
[SourceVersion "1"]
[SourceVersionDate "2018.10.10"]
[SourceQuality "1"]

1. e4 d5 2. exd5 Nf6 3. d4 Nxd5 4. c4 Nb6 5. Nf3 Bg4 6. c5 N6d7 7. Bc4 e6 8. h3 Bh5 9. Be3 Nc6 10. Qe2 Be7 11. Nc3 e5 12. d5 Nd4 13. Bxd4 exd4 14. Ne4 0-0 15. 0-0 Nxc5 16. Ng3 Bg6 17. Nxd4 c6 18. Ndf5 Re8 19. dxc6 bxc6 20. Nxe7+ Rxe7 21. Qf3 Qb6 22. b3 Rae8 23. Nf5 Rd7 24. Rae1 Ne6 25. Re5 Rdd8 26. Rfe1 c5 27. h4 h6 28. h5 Bxf5 29. Qxf5 Qd6 30. Bxe6 Rxe6 31. Rxe6 fxe6 32. Qxe6+ Qxe6 33. Rxe6 Rd1+ 34. Kh2 Rd2 35. Ra6 Rxf2 36. Rxa7 Rd2 37. Kh3 Rd4 38. g3 Rd5 39. Kg4 Rg5+ 40. Kh4 Rd5 41. a4 Rd4+ 42. Kh3 Rd5 43. Kg4 Rg5+ 44. Kh4 Rd5 45. a5 Rd4+ 46. Kh3 Rb4 47. Rc7 Rxb3 48. Rxc5 Rb4 49. a6 Ra4 50. Rc6 Kf7 51. Rg6 Kf8 52. Kg2 Ra3 53. Kf2 Kf7 54. Ke2 Kf8 55. Kd2 Kf7 56. Kc2 Ra5 57. g4 Kf8 58. Kb3 Kf7 59. Kb4 Ra1 60. Kb5 Rb1+ 61. Kc6 Ra1 62. Kb7 Re1 63. Rc6 Rb1+ 64. Kc8 Ra1 65. Rc7+ Ke8 66. a7 Ra2 67. Kb8 Rb2+ 68. Rb7 Rd2 69. a8Q 1-0

[Event "FRA-ch U16 Girls"]
[Site "Belfort"]
[Date "2017.04.20"]
[Round "6.4"]
[White "Grall, Alba"]
[Black "Belluire, Beatrice"]
[Result "0-1"]
[WhiteElo "1664"]
[BlackElo "1786"]
[PlyCount "100"]
[EventDate "2017.04.16"]
[EventType "swiss"]
[EventRounds "9"]
[EventCountry "FRA"]
[SourceTitle "EXT 2019"]
[Source "ChessBase"]
[SourceDate "2018.10.10"]
[SourceVersion "1"]
[SourceVersionDate "2018.10.10"]
[SourceQuality "1"]

1. e4 d5 2. exd5 Nf6 3. Nc3 Nxd5 4. Bc4 Nb6 5. Bb3 Nc6 6. Qf3 e6 7. Nge2 Be7 8. d3 0-0 9. Bd2 e5 10. 0-0 Bd7 11. Ng3 a5 12. Qd1 Nd4 13. Nce2 Bg4 14. f3 Bc5 15. Nxd4 Bxd4+ 16. Kh1 Bd7 17. c3 Bc5 18. Ne4 Be7 19. a4 Bc6 20. Be3 Nd5 21. Qe2 Kh8 22. Bxd5 Qxd5 23. Rfd1 f5 24. c4 Qf7 25. Nc3 Rae8 26. Qf1 Qh5 27. d4 exd4 28. Bxd4 Bd6 29. f4 Qg4 30. Be5 Bxe5 31. fxe5 Rxe5 32. Re1 Rfe8 33. Nd5 Rxe1 34. Rxe1 Rxe1 35. Qxe1 Qxc4 36. Nxc7 Qe4 37. Qxe4 fxe4 38. Kg1 Bxa4 39. Kf2 Bc6 40. Ne6 Kg8 41. g3 Kf7 42. Nd4 Kf6 43. Ke3 Ke5 44. Ne2 b5 45. Nc3 b4 46. Ne2 a4 47. Nd4 Bd5 48. Nc2 a3 49. bxa3 b3 50. Kd2 b2 0-1

[Event "FRA-ch U12 Girls"]
[Site "Saint Paul Trois Chateaux"]
[Date "2013.05.03"]
[Round "6"]
[White "Lagarde, Adeline"]
[Black "Belluire, Beatrice"]
[Result "0-1"]
[WhiteElo "1436"]
[BlackElo "1560"]
[PlyCount "100"]
[EventDate "2013.04.28"]
[EventType "swiss"]
[EventRounds "9"]
[EventCountry "FRA"]
[SourceTitle "CBM 154 Extra"]
[Source "ChessBase"]
[SourceDate "2013.06.25"]
[SourceVersion "2"]
[SourceVersionDate "2013.06.25"]
[SourceQuality "1"]

1. e4 d5 2. exd5 Nf6 3. d4 Nxd5 4. c4 Nb6 5. Nf3 Bg4 6. Be2 e6 7. Nc3 Nc6 8. h3 Bxf3 9. gxf3 Qxd4 10. Qb3 Qf6 11. Bd2 0-0-0 12. 0-0-0 Nd4 13. Qxb6 Nxe2+ 14. Nxe2 axb6 15. Rhg1 h6 16. f4 Bc5 17. Rg2 g6 18. Re1 Qe7 19. Ng3 Bb4 20. Bxb4 Qxb4 21. Rgg1 Qxc4+ 22. Kb1 Rd2 23. Rc1 Qd4 24. Rc3 Rd1+ 25. Rxd1 Qxd1+ 26. Rc1 Qd3+ 27. Ka1 Rd8 28. a3 Qb3 29. Ne4 Rd1 30. Rxd1 Qxd1+ 31. Ka2 Qd5+ 32. Ka1 Qxe4 33. f5 Kd7 34. fxg6 fxg6 35. Ka2 Kc6 36. Kb3 Kb5 37. Kc3 Qc4+ 38. Kd2 Qb3 39. Ke1 Qxb2 40. a4+ Kc4 41. Kf1 Kd4 42. Kg2 Ke4 43. Kg3 Qe5+ 44. Kg2 Kf4 45. a5 bxa5 46. h4 h5 47. Kf1 Kf3 48. Kg1 Qa1+ 49. Kh2 Qb1 50. Kh3 Qh1# 0-1

[Event "FRA-ch U12 Girls"]
[Site "Saint Paul Trois Chateaux"]
[Date "2013.04.29"]
[Round "2"]
[White "Mutzel, Annabelle"]
[Black "Belluire, Beatrice"]
[Result "1/2-1/2"]
[WhiteElo "1406"]
[BlackElo "1560"]
[PlyCount "55"]
[EventDate "2013.04.28"]
[EventType "swiss"]
[EventRounds "9"]
[EventCountry "FRA"]
[SourceTitle "CBM 154 Extra"]
[Source "ChessBase"]
[SourceDate "2013.06.25"]
[SourceVersion "2"]
[SourceVersionDate "2013.06.25"]
[SourceQuality "1"]

1. e4 d5 2. exd5 Nf6 3. d4 Nxd5 4. Nf3 Bg4 5. Be2 e6 6. 0-0 Nc6 7. c3 Be7 8. h3 Bf5 9. Re1 0-0 10. Nbd2 Nf4 11. Nf1 Nxe2+ 12. Qxe2 Re8 13. Ng3 Bg6 14. Bf4 h6 15. Rad1 Bd6 16. Ne5 Bxe5 17. dxe5 Qh4 18. Qg4 Qxg4 19. hxg4 Rad8 20. Nf1 Bh7 21. Kh1 g5 22. Bg3 Bc2 23. Rc1 Bd3 24. Rcd1 Bc2 25. Rc1 Bd3 26. Rcd1 Bc2 27. Rc1 Bd3 28. Rcd1 1/2-1/2

[Event "FRA-ch U12 Girls"]
[Site "Saint Paul Trois Chateaux"]
[Date "2013.04.28"]
[Round "1"]
[White "Belluire, Beatrice"]
[Black "Parratt, Camille"]
[Result "1-0"]
[WhiteElo "1560"]
[BlackElo "1313"]
[PlyCount "71"]
[EventDate "2013.04.28"]
[EventType "swiss"]
[EventRounds "9"]
[EventCountry "FRA"]
[SourceTitle "CBM 154 Extra"]
[Source "ChessBase"]
[SourceDate "2013.06.25"]
[SourceVersion "2"]
[SourceVersionDate "2013.06.25"]
[SourceQuality "1"]

1. e4 c5 2. Nf3 d6 3. Bb5+ Nc6 4. Bxc6+ bxc6 5. 0-0 Nf6 6. Re1 g6 7. c3 Bg7 8. h3 0-0 9. d4 cxd4 10. cxd4 Rb8 11. Nc3 Qb6 12. b3 Qa5 13. Na4 Qh5 14. Bf4 Ba6 15. Nc3 Rfc8 16. e5 dxe5 17. Rxe5 g5 18. Rxg5 Qh6 19. Bxb8 Rxb8 20. Qe1 Re8 21. a4 Nd7 22. Ra5 Bd3 23. Rxa7 Bf5 24. a5 Bf6 25. Ne5 Rd8 26. Na4 Qg7 27. Nxc6 Re8 28. Ra3 Kf8 29. Nb6 Nxb6 30. axb6 Bxd4 31. Ra8 Bd7 32. Rxe8+ Bxe8 33. Qxe7+ Kg8 34. Qxe8+ Qf8 35. Qxf8+ Kxf8 36. Nxd4 1-0

[Event "FRA-ch U12 Girls"]
[Site "Nimes"]
[Date "2012.04.15"]
[Round "3"]
[White "Hadji, Rasmie"]
[Black "Belluire, Beatrice"]
[Result "1-0"]
[WhiteElo "1680"]
[BlackElo "1430"]
[PlyCount "55"]
[EventDate "2012.04.14"]
[EventType "swiss"]
[EventRounds "9"]
[EventCountry "FRA"]
[SourceTitle "CBM 148 Extra"]
[Source "ChessBase"]
[SourceDate "2012.06.22"]
[SourceVersion "1"]
[SourceVersionDate "2012.06.22"]
[SourceQuality "1"]

1. e4 d5 2. exd5 Nf6 3. Nf3 Nxd5 4. Bc4 e6 5. 0-0 Nb6 6. Bb3 Nc6 7. Nc3 e5 8. h3 Be7 9. Re1 f6 10. a3 Bf5 11. d3 Qd7 12. Be3 Nd4 13. Bxd4 exd4 14. Ne4 0-0-0 15. Ng3 Bg6 16. Be6 Qxe6 17. Rxe6 Rhe8 18. Nh4 Bf7 19. Re4 Kb8 20. Nhf5 Bc5 21. Rxe8 Rxe8 22. Nxg7 Re7 23. Qf3 Nd5 24. N7h5 Bd6 25. Nxf6 Nxf6 26. Qxf6 Ba2 27. Qf8+ Re8 28. Qxe8# 1-0